01047cam a2200301 i 4500003001000000005001700010007000300027008004100030020001800071040003500089041000800124043001200132084001200144100003600156245008200192250002200274264006900296300004800365336002700413337002800440338002800468521005300496650004000549650004200589650003800631651004000669700003600709CO-BoRNBP20230503221221.0ta190922s2020 ck a jr 00| p spa d a9789589219911 aCO-BoRNBPbspaerdacCO-BoRNBP0 aspa as-ck--- aP DIA241 aDíaz Díaz, Cristinaeautora13aEl cielo del GuacahayocCristina Diaz Diaz ; ilustraciones Efraín Saldaña aPrimera edición 1aBogotá, ColombiabPenguín Random House Grupo Editorialc2020 a195 páginasbilustraciones a colorc17 cm atextobtxt2rdacontent ano mediadobn2rdamedia avolumenbnc2rdacarrier aRecomendado para un público mayor de 12 años17aPoesía colombianaySiglo XX2LEMB17aLiteratura colombianaySiglo XX2LEMB17aNaturaleza en la literatura2LEMB 4aRío Magdalena, ColombiavPoesía1 aSaldaña, Efraíneilustrador